00000000cam 2200000zi 4500
0019.958977
003CaOODSP
00520260603115834
006m     o  d f      
007cr |n|||||||||
008260115e197410  onc     o    f000 0 eng d
040 |aCaOODSP|beng|erda|cCaOODSP
043 |an-cn---
0861 |aJS22-86/1974E-PDF
24500|aDiscussion paper on the role of the Federal Corrections Agency.
264 1|a[Ottawa] : |b[Solicitor General Canada], |cOctober 1974.
300 |a1 online resource (iv, 114 pages)
336 |atext|btxt|2rdacontent
337 |acomputer|bc|2rdamedia
338 |aonline resource|bcr|2rdacarrier
500 |aDigitized edition from print [produced by Public Safety Canada].
500 |aIssued also in French under title: Document de travail sur le role de l'Agence fédérale de correction.
61020|aCorrectional Service Canada.
650 0|aCorrections|zCanada.
7101 |aCanada. |bSolicitor General Canada, |eissuing body.
77508|tDocument de travail sur le role de l'Agence fédérale de correction.|w(CaOODSP)9.963286
85640|qPDF|s1.23 MB|uhttps://publications.gc.ca/collections/collection_2026/sp-ps/JS22-86-1974-eng.pdf